|
|
|
|
| LEADER |
00000nab a2200000 a 4500 |
| 001 |
vtls010710872 |
| 003 |
SK-MaSNL |
| 005 |
20260304192146.0 |
| 008 |
250709s2001 xo |||||||||||||||||slo| |
| 035 |
|
|
|a (urnnbn)urn:nbn:sk:snk:ar-a0462w
|
| 035 |
|
|
|a (uuid)f30ab575-b120-4e20-bd1e-2b5f46af2a27
|
| 035 |
|
|
|a urn:nbn:sk:snk-ab3e5x
|
| 040 |
|
|
|a SNKBUCL
|b slo
|c SNKBUCL
|e AACR2
|
| 041 |
0 |
|
|a slo
|
| 044 |
|
|
|a xo
|c SK
|
| 100 |
1 |
|
|a Bubelíni, Ján
|4 aut
|9 284154
|
| 245 |
1 |
0 |
|a K pojmom teória, koncepcia, smer a škola v kriminológii
|c Ján Bubelíni
|
| 773 |
0 |
|
|t Policajná teória a prax : časopis Akadémie Policajného zboru pre policajnú teóriu a prax
|g Roč. 9, č. 3 (2001), s. 48-57
|
| 850 |
|
|
|a Slovenská národná knižnica
|
| 852 |
|
|
|a Slovenská národná knižnica
|
| 954 |
|
|
|a odborná, vedecká literatúra pôvodná (slovenská)
|2 lita
|
| 958 |
|
|
|a article1
|
| 958 |
|
|
|a OND
|
| 958 |
|
|
|a EUIPO
|
| 999 |
|
|
|c 3059607
|d 3061537
|